<?xml version="1.0" encoding="UTF-8"?>
<record
    xmlns:xsi="http://www.w3.org/2001/XMLSchema-instance"
    xsi:schemaLocation="http://www.loc.gov/MARC21/slim http://www.loc.gov/standards/marcxml/schema/MARC21slim.xsd"
    xmlns="http://www.loc.gov/MARC21/slim">

  <leader>01060nam0a2200325   4500</leader>
  <controlfield tag="001">RU\NLR\bibl\1183661</controlfield>
  <controlfield tag="005">20260405212251.0</controlfield>
  <datafield tag="010" ind1=" " ind2=" ">
    <subfield code="a">5-98641-026-2</subfield>
    <subfield code="9">3000</subfield>
  </datafield>
  <datafield tag="035" ind1=" " ind2=" ">
    <subfield code="a">(NLR Aleph) 001170250</subfield>
  </datafield>
  <datafield tag="090" ind1=" " ind2=" ">
    <subfield code="a">1592789</subfield>
    <subfield code="c">1592789</subfield>
  </datafield>
  <datafield tag="100" ind1=" " ind2=" ">
    <subfield code="a">20080204d2006    |||y0rusy50      ca</subfield>
  </datafield>
  <datafield tag="101" ind1="0" ind2=" ">
    <subfield code="a">rus</subfield>
  </datafield>
  <datafield tag="102" ind1=" " ind2=" ">
    <subfield code="a">RU</subfield>
  </datafield>
  <datafield tag="105" ind1=" " ind2=" ">
    <subfield code="a">a   |||||||||</subfield>
  </datafield>
  <datafield tag="200" ind1="1" ind2=" ">
    <subfield code="a">&#x412;&#x43E;&#x437;&#x434;&#x443;&#x445;</subfield>
    <subfield code="f">[&#x433;&#x43B;. &#x440;&#x435;&#x434;. &#x410;&#x43D;&#x434;&#x440;&#x435;&#x439; &#x416;&#x443;&#x440;&#x430;&#x432;&#x43B;&#x435;&#x432;]</subfield>
  </datafield>
  <datafield tag="210" ind1=" " ind2=" ">
    <subfield code="a">&#x41C;&#x43E;&#x441;&#x43A;&#x432;&#x430;</subfield>
    <subfield code="c">&#x411;&#x443;&#x43A; &#x445;&#x430;&#x443;&#x441;</subfield>
    <subfield code="d">2006</subfield>
  </datafield>
  <datafield tag="215" ind1=" " ind2=" ">
    <subfield code="a">295 &#x441;.</subfield>
    <subfield code="c">&#x446;&#x432;. &#x438;&#x43B;.</subfield>
    <subfield code="d">33</subfield>
  </datafield>
  <datafield tag="225" ind1="1" ind2=" ">
    <subfield code="a">&#x41C;&#x43D;&#x43E;&#x433;&#x43E;&#x43B;&#x438;&#x43A;&#x430;&#x44F; &#x43F;&#x43B;&#x430;&#x43D;&#x435;&#x442;&#x430;</subfield>
  </datafield>
  <datafield tag="313" ind1=" " ind2=" ">
    <subfield code="a">&#x43B;&#x435;&#x442;&#x430;&#x442;&#x435;&#x43B;&#x44C;&#x43D;&#x44B;&#x435; &#x430;&#x43F;&#x43F;&#x430;&#x440;&#x430;&#x442;&#x44B;, &#x43F;&#x430;&#x440;&#x443;&#x441;&#x43D;&#x438;&#x43A;&#x438;</subfield>
  </datafield>
  <datafield tag="606" ind1="1" ind2=" ">
    <subfield code="a">&#x412;&#x43E;&#x437;&#x434;&#x443;&#x445;</subfield>
    <subfield code="9">1047308</subfield>
    <subfield code="3">RU\NLR\auth\6686201</subfield>
  </datafield>
  <datafield tag="686" ind1=" " ind2=" ">
    <subfield code="a">&#x414;23</subfield>
  </datafield>
  <datafield tag="686" ind1=" " ind2=" ">
    <subfield code="a">&#x41E;5</subfield>
  </datafield>
  <datafield tag="686" ind1=" " ind2=" ">
    <subfield code="a">&#x41E;422.7</subfield>
  </datafield>
  <datafield tag="702" ind1=" " ind2="1">
    <subfield code="4">340</subfield>
    <subfield code="8">rus</subfield>
    <subfield code="7">ca</subfield>
    <subfield code="a">&#x416;&#x443;&#x440;&#x430;&#x432;&#x43B;&#x435;&#x432;</subfield>
    <subfield code="b">&#x410;. &#x42E;.</subfield>
    <subfield code="c">&#x434;-&#x440; &#x431;&#x438;&#x43E;&#x43B;. &#x43D;&#x430;&#x443;&#x43A;</subfield>
    <subfield code="f">1958-</subfield>
    <subfield code="g">&#x410;&#x43D;&#x434;&#x440;&#x435;&#x439; &#x42E;&#x440;&#x44C;&#x435;&#x432;&#x438;&#x447;</subfield>
    <subfield code="3">RU\NLR\auth\7795362</subfield>
    <subfield code="9">78288</subfield>
  </datafield>
  <datafield tag="801" ind1=" " ind2="0">
    <subfield code="a">RU</subfield>
    <subfield code="b">NLR</subfield>
    <subfield code="c">20080204</subfield>
    <subfield code="g">RCR</subfield>
  </datafield>
  <datafield tag="801" ind1=" " ind2="1">
    <subfield code="a">RU</subfield>
    <subfield code="b">NLR</subfield>
    <subfield code="c">20080204</subfield>
  </datafield>
  <datafield tag="830" ind1=" " ind2=" ">
    <subfield code="a">&#x440;&#x435;&#x434;. &#x43F;&#x43E; &#x43A;&#x43D;.</subfield>
  </datafield>
  <datafield tag="942" ind1=" " ind2=" ">
    <subfield code="c">BOOK</subfield>
  </datafield>
  <datafield tag="980" ind1=" " ind2=" ">
    <subfield code="a">NB</subfield>
  </datafield>
  <datafield tag="995" ind1=" " ind2=" ">
    <subfield code="5">2008-02-04</subfield>
    <subfield code="a">aa</subfield>
    <subfield code="b">NLR01</subfield>
    <subfield code="c">NLR01</subfield>
    <subfield code="e">RF9</subfield>
    <subfield code="f">1-1737689</subfield>
    <subfield code="k">2008-9/25</subfield>
    <subfield code="o">0</subfield>
    <subfield code="p">800.00</subfield>
    <subfield code="r">BOOK</subfield>
    <subfield code="s">2008925_</subfield>
  </datafield>
</record>
